LEADER 02970nam 2200577 450 001 9910454055303321 005 20200520144314.0 010 $a1-4698-7541-1 035 $a(CKB)1000000000753691 035 $a(SSID)ssj0000353513 035 $a(PQKBManifestationID)11263218 035 $a(PQKBTitleCode)TC0000353513 035 $a(PQKBWorkID)10289484 035 $a(PQKB)11547850 035 $a(MiAaPQ)EBC2032558 035 $a(Au-PeEL)EBL2032558 035 $a(CaPaEBR)ebr10825408 035 $a(CaONFJC)MIL73045 035 $a(OCoLC)908076000 035 $a(EXLCZ)991000000000753691 100 $a20040730h20052005 uy| 0 101 0 $aeng 135 $aurcnu|||||||| 181 $ctxt 182 $cc 183 $acr 200 00$aPediatric and adolescent gynecology /$fS. Jean Herriot Emans, Marc R. Laufer, Donald P. Goldstein 205 $aFifth edition. 210 1$aPhiladelphia :$cLippincott Williams & Wilkins,$d[2005] 210 4$dİ2005 215 $a1 online resource (1108 pages) $cillustrations 300 $aBibliographic Level Mode of Issuance: Monograph 311 $a0-7817-4493-8 320 $aIncludes bibliographical references and index. 327 $aOffice evaluation of the child and adolescent -- Ambiguous genitalia in the newborn -- Vulvovaginal problems in the prepubertal child -- The physiology of puberty -- Precocious puberty -- Delayed puberty -- Amenorrhea in the adolescent -- Dysfunctional uterine bleeding -- Androgen abnormalities in the adolescent -- Structural abnormalities of the female reproductive tract -- Gynecologic pain : dysmenorrhea, acute and chronic pelvic pain, endometriosis, and premenstrual syndrome -- Education of the child and adolescent -- Pediatric urology in the pediatric and adolescent girl -- Vulvovaginal complaints in the adolescent -- Bacterial sexually transmitted infections : gonorrhea, chlamydia, pelvic inflammatory disease, and syphilis -- Human immunodeficiency virus (HIV) in young women -- Human papillomavirus infection in children and adolescents -- Benign and malignant ovarian masses -- The breast : examination and lesions -- Contraception -- Teen pregnancy -- Adolescent sexuality -- Gynecologic issues in young women with chronic diseases -- Sexual abuse in the child and adolescent -- Complementary and alternative medicine for gynecology patients -- Legal issues in pediatric and adolescent gynecology. 606 $aPediatric gynecology 606 $aAdolescent gynecology 608 $aElectronic books. 615 0$aPediatric gynecology. 615 0$aAdolescent gynecology. 676 $a618.92/098 701 $aEmans$b S. Jean Herriot$0923763 701 $aLaufer$b Marc R$0923764 701 $aGoldstein$b Donald Peter$0923765 801 0$bMiAaPQ 801 1$bMiAaPQ 801 2$bMiAaPQ 906 $aBOOK 912 $a9910454055303321 996 $aPediatric and adolescent gynecology$92073096 997 $aUNINA LEADER 01688nas 2200469-- 450 001 9910329455103321 005 20240501213015.0 035 $a(DE-599)ZDB2576048-8 035 $a(CKB)110978966557998 035 $a(CONSER)sn-79005653- 035 $a(EXLCZ)99110978966557998 100 $a20740910b19712001 --- a 101 0 $aeng 181 $ctxt$2rdacontent 182 $cc$2rdamedia 183 $acr$2rdacarrier 200 00$aAustralian journal of hospital pharmacy 210 $aVictoria$cMercedes 215 $a1 online resource 311 08$aPrint version: Australian journal of hospital pharmacy. 0310-6810 (DLC)sn 79005653 (OCoLC)1002924 531 0 $aAust. j. hosp. pharm. 606 $aHospital pharmacies$zAustralia$vPeriodicals 606 $aPharmacology$3https://id.nlm.nih.gov/mesh/D010600 606 $aPharmacy$3https://id.nlm.nih.gov/mesh/D010604 606 $aPharmacy Service, Hospital$3https://id.nlm.nih.gov/mesh/D010607 606 $aHospital pharmacies$2fast$3(OCoLC)fst00961035 607 $aAustralia$2fast$1https://id.oclc.org/worldcat/entity/E39QbtfRv8PPH7gCqhkJ8DK8bM 608 $aPeriodical. 608 $aPeriodicals.$2fast 608 $aPeriodicals.$2lcgft 615 0$aHospital pharmacies 615 2$aPharmacology. 615 2$aPharmacy. 615 2$aPharmacy Service, Hospital. 615 7$aHospital pharmacies. 712 02$aSociety of Hospital Pharmaceutical Chemists of Australia. 712 02$aSociety of Hospital Pharmacists of Australia. 906 $aJOURNAL 912 $a9910329455103321 920 $aexl_impl conversion 996 $aAustralian journal of hospital pharmacy$92091499 997 $aUNINA